Multiple Choice Technology - Statistics

General Stats
  • This quiz has been taken 32 times
  • The average score is 2 of 5
Answer Stats
Question Answer % Correct
What is the most popular video game? Minecraft
62%
What country plays the most video games? China
48%
When was the world wide web invented? 1989
31%
When was the Nintendo Game Boy invented? 1989
24%
When was the PS5 released? November 12, 2020
17%
No matching quizzes found
Score Distribution
Percent of People with Each Score
Percentile by Number Answered
Your Score History
You have not taken this quiz